| 000 | 00491nam a2200193Ia 4500 | ||
|---|---|---|---|
| 003 | GCL | ||
| 008 | 140319s9999 xx 000 0 eng d | ||
| 040 |
_aGCL / _cGCL |
||
| 082 | 0 | 4 |
_a741.235 _bW P |
| 100 | 1 | _aWOOLWICH, MAGFYM - ANN | |
| 245 | 1 | 0 |
_aPASTEL INTREPRETATIONS / _cWOOLWICH, MAGFYM - ANN |
| 260 |
_a[S.N] : _bNORTH LIGHT BOOKS ، _c1993 |
||
| 300 | _a134 P | ||
| 650 | 0 | 4 | _aDRAWING |
| 650 | 0 | 4 | _aPASTEL DRAWING |
| 650 | 0 | 4 | _aARTS |
| 650 | 0 | 4 | _aARTS DRAWING |
| 942 |
_2ddc _cBK |
||
| 999 |
_c15720 _d15720 |
||